00540nam a2200157Ia 4500999001500000020001800015082001800033245004300051260004000094300001100134504004600145650003600191700002400227942000700251952012400258 c6553d6553 a9788183701389 a355.0218 ROO- 0aRoots of insurgency in Northeast India aNew DelhibAkansha Publishingc2007 ax, 135 aincludes appendix, bibliography and index aInsurgencyzIndia, Northeastern aBhattacharjee, J.B. cBK 00104070aNASSDOCbNASSDOCd2009-03-20eBBSi2009-02-01l0o355.0218 ROO-p45287r2019-04-18 00:00:00w2019-04-18yBK